000 00258nmm a2200097Ia 4500
008 220120s9999||||xx |||||||||||||||||und||
020 _a0-07-052929
100 _aDigit
245 0 _aJune 2011: fedore, 50 pluse mobile phone applications, 100 p
260 _c2011
999 _c139679
_d139679